000 00999nam a22002657a 4500
003 dpl
005 20170123164141.0
008 161215b xxu||||| |||| 00| 0 eng d
010 _aB-065830
020 _a8175991253
_c125.00
035 _aB-065830
040 _aDPL
_bPN
_ctit
082 _a080
_bਸੁਕੀਰ
100 _aਸੁਕੀਰਤ
_9500
245 _aਗੱਲਾਂ ਤੇਰੀਆਂ ਤੇ ਕੁਝ ਮੇਰੀਆਂ /
_cਸੁਕੀਰਤ
246 _aGallan kuch terian tey kuch merian
_bSukreet
260 _aਨਵੀਂ ਦਿੱਲੀ
_bਨਵਯੁਗ ਪਬਲਿਸ਼ਰਜ਼
270 _aਕੇ-24, ਹੌਜ਼ ਖਾਸ,
_bਨਵੀਂ ਦਿੱਲੀ
_e110016
300 _a147p.
_c23cm(Hb)
650 _aਪੰਜਾਬੀ-ਮੁਲਾਕਾਤਾਂ
_915348
650 _aਪੰਜਾਬੀ ਸਾਹਿਤ
_9779
650 _aPunjabi- Meetings
_97017
650 _aPunjabi Literature
_9781
942 _2ddc
_cPN
_mਸੁਕੀਰ
_h080
999 _c109675
_d109675